¿Cómo enfrentar los déficits sociales de América Latina? Acerca de mitos, ideas renovadoras y el papel de la cultura /

محفوظ في:
التفاصيل البيبلوغرافية
المؤلف الرئيسي: Kliksberg, Bernardo
التنسيق: نص
الموضوعات:
الوسوم: إضافة وسم
لا توجد وسوم, كن أول من يضع وسما على هذه التسجيلة!

MARC

LEADER 00000 a a2200000 04500
001 4158
003
040
090 |a REV0229 (102) 1997  
100 |a Kliksberg, Bernardo  
245 |a ¿Cómo enfrentar los déficits sociales de América Latina? Acerca de mitos, ideas renovadoras y el papel de la cultura /  |c Bernardo Kliksberg 
650 |a CULTURA  
650 |a VALORES CULTURALES  
650 |a DESARROLLO SOCIAL  
650 |a CAMBIO SOCIAL  
773 |g número 102; páginas 11-33  
999 |c 40087  |d 40087